Title in the Lyrics - Oasis - Impossible - Statistics

General Stats
  • This quiz has been taken 17 times
  • The average score is 2 of 15
Answer Stats
Release Lyrics % Correct
D'you Know What I Mean? And nothing, is gonna keep us together / And we can beat them, forever and ever / Because we can be {Heroes}, forever and ever
54%
Heathen Chemistry Yeah I've been {Hung} {In} {A} {Bad} {Place} / Had no sun over my face
46%
Why Me? Why Not. C'mon I know you want more / C'mon and open your door / After it all you'll find out / you were always {One} {Of} {Us}
31%
Dig Out Your Soul Hold the line / Friend of mine / Sing a Song / {Soldier} {On}
31%
The Hindu Times As I close my eyes / And the sky turns red / I realise just what you are / You're an {Idler's} {Dream} and you're singing Shangri-la
15%
Don't Believe the Truth I'm no stranger to this place / Where real life and dreams collide / And even though I fell from grace / I will {Keep} {The} {Dream} {Alive}
15%
Sunday Morning Call Well it will be alright / If you stay tonight / It's where we both belong / It's gonna be {Full} {On}
15%
Who Feels Love? As soon as they come / The feelings they go / All alone, on a {One} {Way} {Road}
8%
Different Gear Still Speeding I don't know what it is i'm feeling / a {Four} {Letter} {Word} really gets my meaning / Nothing ever lasts forever
8%
Lyla No I {Won't} {Let} {You} {Down} / Hate to say you're surrounded by clowns / Looks to me, have lost their way /Think it's time that you came out and played
8%
Dig Out Your Soul (Deluxe Edition) Remember to shine / Let my love take you high / You've nothing to lose / You're just a {Boy} {With} {The} {Blues}
8%
Stop Crying Your Heart Out And every which way we turn / Always seems insane / But it makes me feel alive / {Shout} {It} {Out} {Loud} when I'm alive
0%
Let There Be Love And only I can see / What it means to be / {Sitting} {Here} {In} {Silence} ({On} {My} {Own})
0%
Dig Out Your Soul (Japanese CD) I can take 'em all / So I leave you with this thought / There's a fire in the sky / I don't need no alibi / See {I} {Believe} {In} {All}
0%
Who Built the Moon? I didn't come here to make up your mind / I do believe that you were wasting my time / There's no tears left to cry myself blind / {If} {Love} {Is} {The} {Law} then this is a crime
0%
No matching quizzes found
Score Distribution
Percent of People with Each Score
Percentile by Number Answered
Your Score History
You have not taken this quiz